Quizzes
Events
Quiz Creation
Community
Videos
Private Events
Remove Ads
Sign In
Join for FREE
Feedback
Dark Mode
Quiz Categories
Sports
Geography
Music
Movies
Television
Just For Fun
Miscellaneous
History
Literature
Language
Science
Gaming
Entertainment
Religion
Holiday
For Kids
Quiz Lab
Recent
Popular Today
Quiz Kudos Today
Editor Picks
Curator Picks
Quizzes by...
Day
Popularity
Type
Ratings
Length
Year
Community
Subscriptions
Recent Discussions
Orange Saloon
Badges
Playlists
Quests
Create
Leaderboards
Showdown
Live 5
Trivia Bingo
Activity
Puzzle Library
Sporcle Events
Private Events
Virtual Trivia
Globe League
Become a Host
Pub Owners
SporcleCon
Opinionation
Our Games
Videos
Blog
Mobile Apps
Partnerships
Remove Ads and Go Orange
Feedback
Entertainment
Celebrity
Famous
Musical
Broadway
Show
Quote
Comic Books
Anime
Superhero
DC Comics
Marvel
Cartoons
Animation
Entertainment
Celebrity
Famous
Musical
Broadway
Show
Quote
Comic Books
Anime
Superhero
DC Comics
Marvel
Cartoons
Animation
Random Quiz
Search Sporcle
×
Quiz Lab
Quiz Lab
Entertainment
Naruto Characters
Type in answers that appear in a list
Type in answers that appear in a list
Classic
Best Score? Go Orange.
Naruto Series - Akatsuki Members Stats
Can you name the current and former members of Akatsuki?
By
GenesisRhapsodos
4m
12 Questions
1,093 Plays
1,093 Plays
1,093 Plays
Comments
Comments
Give Quiz Kudos
Give Quiz Kudos
-
- Ratings
hide this ad
More Info
Replay
Link that replays current quiz
Next Quiz
Link to next quiz in quiz playlist
You Got
0%
They Got
Avg Score
79%
Avg Friend Score
Upgrade to see
Score Distribution
Jump to the score distribution portion of the page
Score
0/12
Timer
04:00
0
Plays Today
Village of Origin
Member
% Correct
Amegakure
Konan
92.1%
Yugakure
Hidan
88.2%
Iwagakure
Deidara
87.5%
Sunagakure
Sasori
87.4%
Konohagakure
Tobi
87.2%
Takigakure
Kakuzu
84.6%
Amegakure
Nagato
84.2%
Unknown
Zetsu
82.5%
Konohagakure
Orochimaru
75.7%
Konohagakure
Itachi Uchiha
70.1%
Amegakure
Yahiko
63.9%
Kirigakure
Kisame Hoshigaki
54.5%
Quiz Playlist
Details
Report
Send in Message
Add To Playlist
More Info:
If you don't know Tobi's secret or you haven't read volume 48 of the manga (chapters 443-458) TURN BACK NOW.
Classic:
Type in answers that appear in a list
Last Updated: Feb 1, 2019
Quiz Scoreboard
CHALLENGE
Sign Up to Join the Scoreboard
Show All
Scores
Hide
Comments
May contain spoilers
Recently Published
Pick 6: Fruits
by JohnFran
Miscellaneous
15s
Click the 1999 NBA Draft
by nibperrychub
Sports
2m
Alphabetical 'K' Countries by Flag Minefield
by ylime102
Geography
3m
More to Explore
Quiz From the Vault
Featured Blog Post
15 Basketball Trivia Facts You Can Be March Mad About
hide this ad
You Might Also Like...
Tags
akatsuki
Akatsuki Members
Naruto
Naruto- Akatsuki
Naruto Characters
Naruto Shippuden
Today's Top Quizzes in Entertainment
Browse Entertainment
hide this ad
Today's Top Quizzes in Naruto Characters
Browse Naruto Characters
Top Contributed Quizzes in Entertainment
1
The Joker Actors by Order
2
Spider-Man Actors by Order
3
The Incredible Hulk Actors by Order
4
Superman Actors by Order
5
Catwoman Actresses by Order
6
The Penguin Actors by Order
7
The Riddler Actors by Order
8
Nickname Match: Pop Culture Kings
9
Two-Face Actors by Order
10
Marvel Picture Find: Capcom
Explore More
Trending Topics
Harry Potter
Kpop
Marvel
Anime
Crossword
NBA
Disney
Soccer
NFL
Pokémon
Song
Country
Puzzle
WWE
The Office
hide this ad
More By:
GenesisRhapsodos
Quiz
Plays
Rating
Category
Featured
Created
Naruto Character Quotes
2,049
3.38
Entertainment
Mar 12, 2011
Bleach-Nicknames from Yachiru
1,227
4.00
Entertainment
Mar 11, 2011
Naruto Series - Akatsuki Members
1,093
3.00
Entertainment
Mar 15, 2011
Naruto series-Name the Kages
745
2.50
Entertainment
Mar 4, 2011
Compilation of Final Fantasy VII Quotes
634
3.57
Gaming
Feb 26, 2011
Go to Creator's Profile
Score Distribution
Quiz Creator Spotlight
GenesisRhapsodos
Follow
Send a Message
Quizzes Created
-
Created Quiz Play Count
-
More By This Creator
Popular Quizzes Today
1
Countries of Asia Without Outlines Minefield
2
Pick 6: Fruits
3
Find the US States - No Outlines Minefield
4
Alphabetical 'K' Countries by Flag Minefield
5
Click the 1999 NBA Draft
6
The Countries of the World
7
Match the Book to the Film X
8
Find the US States
More Entertainment Quizzes
Longest Answer: Hamilton Songs
Curator's Pick
Trending Quizzes
Donkey Kong Minefield
Multiplication Danger Zone
DC Extended Universe: Oldest to Newest
The 3rd Thing You Need to Know: Actresses
Minefield Map: North American Capitals
Recently Updated
Women's Final Four Teams by Year
bhenderson79
Presidents Quartet II
eogle
Anything But Clue(do)
eogle
Anything But Oceanian Capitals
eogle
Anything But 7
eogle
Anything But Thing
eogle
Word Ladder: February 29
pecheneg
Song Title Questions
pecheneg
Women's NCAA Tournament #1 Seeds
pecheneg
Celebrity Mug Shots
pecheneg
Trending Topics
Harry Potter
NBA
Crossword
Disney
Anime
Marvel
Kpop
WWE
NFL
Puzzle
Soccer
Country
Pokémon
Song
The Office
Your Account Isn't Verified!
In order to create a playlist on Sporcle, you need to verify the email address you used during registration. Go to your
Sporcle Settings
to finish the process.
Report this User
Report this user for behavior that violates our
Community Guidelines
.
Details:
Send Report
Go to the Sporcle.com Mobile Site →
Comments